Central Library OPAC University of Rajshahi
Normal view MARC view

Entry Personal Name

Number of records used in: 2

001 - CONTROL NUMBER

  • control field: 17676

003 - CONTROL NUMBER IDENTIFIER

  • control field: BD-RjUL

005 - DATE AND TIME OF LATEST TRANSACTION

  • control field: 20260205114210.0

008 - FIXED-LENGTH DATA ELEMENTS

  • fixed length control field: 260205|| aca||aabn | a|a d

040 ## - CATALOGING SOURCE

  • Original cataloging agency: BD-RjUL
  • Transcribing agency: BD-RjUL

100 ## - HEADING--PERSONAL NAME

  • Personal name: Rashid, M. Harunur

670 ## - SOURCE DATA FOUND

  • Source citation: Work cat.: (BD-RjUL)86162: A Choice of contemporary verse from Bangladesh /, 1986.